Central Library OPAC University of Rajshahi

A course in modern linguistics / (Record no. 8358)

MARC details
000 -LEADER
fixed length control field 00761cam a22002531 4500
001 - CONTROL NUMBER
control field 8358
003 - CONTROL NUMBER IDENTIFIER
rucl marc code BD-RjUL
005 - DATE AND TIME OF LATEST TRANSACTION
control field 20211208234556.0
008 - FIXED-LENGTH DATA ELEMENTS--GENERAL INFORMATION
fixed length control field 140118r19731958nyua b 00100 eng
035 ## - SYSTEM CONTROL NUMBER
System control number (BD-RjUL)8403
040 ## - CATALOGING SOURCE
Original cataloging agency DLC
Transcribing agency DLC
Modifying agency BD-RjUL
Language of cataloging eng
041 ## - LANGUAGE CODE
Language code of text/sound track or separate title eng
082 04 - DEWEY DECIMAL CLASSIFICATION NUMBER
Edition number 22
Classification number 410
Author mark and year HOC 1973
100 1# - MAIN ENTRY--PERSONAL NAME
Personal name Hockett, Charles F.
9 (RLIN) 26032
245 12 - TITLE STATEMENT
Title A course in modern linguistics /
Statement of responsibility, etc. Charles F. Hockett
260 ## - PUBLICATION, DISTRIBUTION, ETC. (IMPRINT)
Place of publication, distribution, etc. New Delhi :
Name of publisher, distributor, etc. Oxford and IBH,
Date of publication, distribution, etc. c1958 [reprint 1973].
300 ## - PHYSICAL DESCRIPTION
Pagination xi, 621 p. :
Illustrations illus. ;
Size 22 cm.
504 ## - BIBLIOGRAPHY, ETC. NOTE
Bibliography, etc Include bibliography and index.
650 #0 - SUBJECT ADDED ENTRY--TOPICAL TERM
Topical term or geographic name as entry element Linguistics.
9 (RLIN) 26033
Topical term or geographic name as entry element English language
General subdivision Pronunciation.
9 (RLIN) 6479
Topical term or geographic name as entry element English language
General subdivision Grammar.
9 (RLIN) 26034
942 ## - ADDED ENTRY ELEMENTS (KOHA)
Source of classification or shelving scheme Dewey Decimal Classification
Koha item type Books
Holdings
Lost status Source of classification or shelving scheme Damaged status Not for loan Collection code Permanent Location Current Location Shelving location Date acquired Source of acquisition Total Checkouts Full call number Date last seen Copy number Koha item type
  Dewey Decimal Classification     Non-fiction Central Library, University of Rajshahi Central Library, University of Rajshahi   13/08/1975 U.S.I.S   410 HOC 1973 18/01/2014 C-2 Books